| 000 | 01093nam a2200241 a 4500 | ||
|---|---|---|---|
| 001 | BRCA_240 | ||
| 005 | 20190320202931.0 | ||
| 008 | 980331s2012----mx-bc#####---#001-0#spa-d | ||
| 020 | _a9786074843521 | ||
| 041 | _aspa | ||
| 044 | _amx | ||
| 050 | 4 |
_aF1226 _b.A68 2012 |
|
| 245 | 1 | 0 | _aApuntes para la historia de la guerra entre México y los Estados Unidos. |
| 260 |
_aMéxico _bINAH : Biblioteca Mexicana de la Fundación Miguel Alemán _c2012 |
||
| 300 |
_a1 v. (en varias paginaciones) _bil., hojas plegables, mapas, retratos _c23 cm. |
||
| 500 | _aIncluye índice onomástico | ||
| 500 | _aFacsímil de: México : Tipografía de Manuel Payno (hijo), 1848 (Edición príncipe) | ||
| 500 | _aEsta edición es la primera reimpresión de la edición facsimilar de la Biblioteca Mexicana de la Fundación Miguel Alemán de 1997 | ||
| 500 | _aLa biblioteca cuenta con la primera edición facsimilar de 1997. Se encuentra en el Área de Investigación | ||
| 651 | 4 |
_aMéxico _xHistoria _yGuerra con Estados Unidos, 1845-1854 _9842 |
|
| 653 | 0 | _aIntervención Norteamericana | |
| 942 |
_2lcc _cB |
||
| 999 |
_c197 _d197 |
||